Konštrukcia samokmitajúceho dvojčinného meniča
Gespeichert in:
| 1. Verfasser: | |
|---|---|
| Weitere Verfasser: | |
| Format: | Manuskript Buch |
| Sprache: | Slowakisch |
| Veröffentlicht: |
Bratislava :
STU v Bratislave FEI, 2025
|
| Schlagworte: | |
| Online-Zugang: | https://opac.crzp.sk/?fn=detailBiblioFormChildKFGEK&sid=8D80AD18777FCC7F65B3BD4DC29E&seo=CRZP-detail-kniha |
| Tags: |
Keine Tags, Fügen Sie das erste Tag hinzu!
|
MARC
| LEADER | 00000ntm a22000003a 4500 | ||
|---|---|---|---|
| 001 | stuzp103703 | ||
| 003 | SK-STU | ||
| 005 | 20251104102741.8 | ||
| 007 | ta | ||
| 008 | 150427s2015----xo-----f-mn---000-0-slo-d | ||
| 040 | |a STU |b slo | ||
| 041 | 0 | |a slo | |
| 044 | |a xo | ||
| 100 | 1 | |a Bugár, Martin |u 030400 |4 aut |U FEI Fakulta elektrotechniky a informatiky |T FEI Ústav automobilovej mechatroniky |X 120623 |U E400 |Y 642 |7 120623 | |
| 242 | 0 | 1 | |a Zero Voltage Switching flyback driver construction |y eng |
| 245 | 1 | 0 | |a Konštrukcia samokmitajúceho dvojčinného meniča |
| 260 | |a Bratislava : |c STU v Bratislave FEI, |c 2025 | ||
| 300 | |a 70 s. | ||
| 650 | 4 | |a Dvojčinný menič |2 slo | |
| 650 | 4 | |a ZVS driver (Zero Voltage Switching) |2 slo | |
| 650 | 4 | |a Samokmitanie |2 slo | |
| 650 | 4 | |a Push-Pull Converter |2 eng | |
| 650 | 4 | |a Self-Oscillation |2 eng | |
| 650 | 4 | |a ZVS Driver (Zero Voltage Switching Driver) |2 eng | |
| 700 | 1 | |a Harťanský, René |u 034000 |k Z1 |4 ths |U FEI Fakulta elektrotechniky a informatiky |T FEI Ústav elektrotechniky |X 2588 |U E040 |Y 550 |7 A000002588 | |
| 856 | 4 | |u https://opac.crzp.sk/?fn=detailBiblioFormChildKFGEK&sid=8D80AD18777FCC7F65B3BD4DC29E&seo=CRZP-detail-kniha | |